| 000 | 00645nam a2200169 a 4500 | ||
|---|---|---|---|
| 001 | 000044855 | ||
| 005 | 20240704133524.0 | ||
| 008 | 150114s2014 dr a 000 0 spa d | ||
| 040 |
_aDO-SdBNP _bspa _cBNPHU |
||
| 100 | 1 |
_aMartínez Fernández, Héctor, _d1949- _919541 |
|
| 245 | 1 | 0 |
_aDajabón en la Historia Nacional : _b(de Nitainato a Provincia) / _cHéctor Martínez Fernández. |
| 260 |
_aSanto Domingo : _bJM Publicidad, _c2014. |
||
| 300 |
_a272 p. : _bil. ; _c21 cm. |
||
| 504 | _aBibliografía p: 261-270 | ||
| 500 | _aIncluye datos biografícos en la contraportada. | ||
| 590 | _aLa biblioteca posee un ejemplar autografíado por el autor. | ||
| 999 |
_c44344 _d44344 |
||